Dependent agricultural development agrarian in Latin America. Chapter 8 /
Enregistré dans:
| Auteur principal: | |
|---|---|
| Autres auteurs: | |
| Format: | Texte |
| Publié: |
Ottawa:
University of Ottawa Press
|
| Tags: |
Ajouter un tag
Pas de tags, Soyez le premier à ajouter un tag!
|
MARC
| LEADER | 00000 a a2200000 04500 | ||
|---|---|---|---|
| 001 | 22702 | ||
| 003 | |||
| 040 | |||
| 090 | |a 154900 | ||
| 100 | |a Alschuler, Lawrence R. | ||
| 245 | |a Dependent agricultural development agrarian in Latin America. Chapter 8 / |c Lawrence R. Alschuler | ||
| 260 | |a Ottawa: |b University of Ottawa Press | ||
| 300 | |b **no definido** | ||
| 700 | |a ed. | ||
| 999 | |c 9578 |d 9578 | ||
